Ecological urbanism (Record no. 9597)

000 -LEADER
fixed length control field 00323nam a2200133 4500
003 - CONTROL NUMBER IDENTIFIER
control field OSt
005 - DATE AND TIME OF LATEST TRANSACTION
control field 20210705115919.0
008 - FIXED-LENGTH DATA ELEMENTS--GENERAL INFORMATION
fixed length control field 210705b ||||| |||| 00| 0 eng d
020 ## - INTERNATIONAL STANDARD BOOK NUMBER
International Standard Book Number 9783037784679
082 ## - DEWEY DECIMAL CLASSIFICATION NUMBER
Classification number 307.12164
Item number MOS
100 ## - MAIN ENTRY--PERSONAL NAME
Personal name Mostafavi, Mohsen; Mostafavi, Mohsen
245 ## - TITLE STATEMENT
Title Ecological urbanism
942 ## - ADDED ENTRY ELEMENTS (KOHA)
Source of classification or shelving scheme
Holdings
Withdrawn status Lost status Source of classification or shelving scheme Damaged status Koha normalized classification for sorting Not for loan Permanent location Current location Date acquired Total Checkouts Full call number Barcode Date last seen Date last borrowed Price effective from Koha item type
        307_121640000000000_MOS   BMS College of Architecture, Design and Planning BMS College of Architecture, Design and Planning 2021-07-05 2 307.12164 MOS AR-RD132 2022-12-28 2022-12-08 2021-07-05 R&D Books
Copyright © 2025, The Librarian, Library and Information Centre, BMSCA D&P, Bengaluru. All Rights Reserved
web counter

Powered by Koha